Statistics for Pokémons' Pokedex Numbers Quiz

Click here to take the quiz!

General Stats

  • This quiz has been taken 70 times
  • The average score is 8 of 10

Answer Stats

Pokedex NumberPokémon% Correct
001Bulbasaur
100%
009Blastoise
95%
150Mewtwo
95%
025Pikachu
90%
160Feraligatr
79%
016Pidgey
76%
248Tyranitar
71%
130Gyarados
55%
802Marshadow
48%
196Espeon
42%

Score Distribution

Percentile by Number Answered

Percent of People with Each Score

Your Score History

You have not taken this quiz